| 000 | 00532nam a2200157 4500 | ||
|---|---|---|---|
| 001 | 140478 | ||
| 003 | ES-MaACL | ||
| 007 | t| | ||
| 008 | 070214s1973 sp r ||||1| spa d | ||
| 100 | 1 |
_aSchwoch, Werner. _9104918 |
|
| 245 | 1 | 0 |
_aManual práctico del automóvil _b: mecanismos de propulsión y marcha / _cWerner Schwoch ; traducción de Julio Martínez Borso. |
| 260 |
_aBarcelona : _bReverté, _c1973. |
||
| 300 |
_a243 p. : _bil. ; _c24 cm. |
||
| 700 | 1 |
_aMartínez Borso, Julio. _977896 |
|
| 852 |
_aES-MaACL _jE-7510 _bR.91693 |
||
| 999 |
_c140478 _d140478 |
||